000 01003nam a2200241 i 4500
001 190725
003 ES-MaACL
005 20240410103419.0
008 220520s1975 sp 000 0 spa
080 _a946.711 B."1868/70"(043.2)
100 1 _aCardona Castro, Francisco Luis.
_935184
245 1 0 _aBarcelona en la Revolución de 1868 /
_cpor Francisco Luis Cardona Castro.
260 _aBarcelona :
_bUniversidad de Barcelona, [Facultad de Filosofía y Letras],
_c1975.
300 _a18 p. ;
_c24 cm.
502 _aTesis-Univ. Barcelona (Extracto)
594 _aPrecede al tít.: Universidad de Barcelona. Secretariado de Publicaciones, Intercambio Científico y Extensión Universitaria
651 4 _aBarcelona-
_xHistoria-
_yS.XIX.
_9149268
655 _aTesis y escritos académicos
_9226867
710 2 _aUniversidad de Barcelona.
_bFacultad de Filosofía y Letras.
_97149
852 4 _aES-MaACL
_jP-1415 (139)
_9197907
_bR.68610
_cDEPO2
942 _2udc
999 _c190725
_d190725